000 00644cam a22002171 4500
001 he 67002513
003 DLC
005 20260227111452.0
008 840514s1959 is 000 0 heb
010 _ahe 67002513
035 _a(OCoLC)19149732
040 _aDLC
_cMH
_dDLC
042 _apremarc
050 0 0 _aBM755.M47
_bL48
100 1 _aLeṿin, Yehudah Leyb,
_d-1978.
245 1 0 _aBet Ḳotsḳ :
_bha-Saraf : toldot ḥayaṿ shel ha-admor ha-gadol mi-Ḳotsḳ.
260 _aJerusalem :
_bNaḥliʼel,
_c719 [1959]
300 _a211 p. ;
_c19 cm.
600 0 0 _aMenahem Mendel,
_cof Kotsk,
_d1787-1859.
752 _aIsrael
_dJerusalem
999 _c32812
_d32812